Modelovanie extrémnych udalostí v neživotnom prostredí habilitačná prednáška
Gespeichert in:
| 1. Verfasser: | |
|---|---|
| Körperschaft: | |
| Format: | Buch |
| Sprache: | Slowakisch |
| Veröffentlicht: |
Bratislava
2007
|
| Schriftenreihe: | Habilitačné a inauguračné prednášky
|
| Schlagworte: | |
| Tags: |
Keine Tags, Fügen Sie das erste Tag hinzu!
|
MARC
| LEADER | 00000nam$a2200000$$$4500 | ||
|---|---|---|---|
| 001 | 0055551 | ||
| 005 | 20240109071043.8 | ||
| 041 | 0 | |a slo | |
| 044 | |a SK | ||
| 245 | 1 | 0 | |a Modelovanie extrémnych udalostí v neživotnom prostredí |b habilitačná prednáška |c Valéria Skřivánková |
| 264 | 1 | |a Bratislava |c 2007 | |
| 300 | |a 26 s. | ||
| 490 | 1 | |a Habilitačné a inauguračné prednášky | |
| 830 | 0 | |a Habilitačné a inauguračné prednášky | |
| 610 | 2 | 0 | |a modelovanie |
| 610 | 2 | 0 | |a poistenie neživotné |
| 610 | 2 | 0 | |a riziko |
| 100 | 1 | |a Skřivánková, Valéria | |
| 710 | 2 | |a Fakulta hospodárskej informatiky EU. Katedra operačného výskumu a ekonometrie | |